000 00316nam a22001457a 4500
003 OSt
005 20220104111513.0
008 220104b |||||||| |||| 00| 0 eng d
020 _a0764535153
040 _cHU
082 _a006.696
100 _aReinhardt
_927057
245 _aFlash 5 Bible
942 _2ddc
_cBOOKS
_n0
999 _c25951
_d25951